000 00515nam a2200181Ia 4500
005 20250326125305.0
008 250326s9999 xx 000 0 und d
037 _aTextbook
040 _aFMSL
_beng
_cFMSL
041 _aeng
_2eng
084 _aX65.1 L7
_qFMSL
100 _aLall S
_9738820
245 0 _aForeign investment transnationals and developing countries
_cLall S; Streeten P
260 _aNY
_bNY, Macmillan
_c1977
300 _a280p
942 _cTB
_hX65.1 L7
999 _c1277379
_d1277379